00399nam a2200145Ia 4500008004100000020001500041041001200056082001600068100001500084245009500099260002500194300000800219650000800227700001800235221030s9999 xx 000 0 und d a0074622455 aEnglish a105.23bMil aJ. Millman 0aIntegrated Electronics Analog & digital Circuits and systemscby J. Millman, C. C. Halkias bTMHaNew Delhic1999 a910 aECE aC. C. Halkias